Statistics for Taylor Swift Trivia!!

Click here to take the quiz!

General Stats

  • This quiz has been taken 245 times
  • The average score is 6 of 13

Answer Stats

Hint Answer % Correct
Taylor has a younger .......?Brother
88%
Taylor's fandom calls themselves........?Swifties
85%
Taylor was how old when her family moved to Nashville, Tennessee?Fourteen
84%
Taylor's high school best friend is who?Abigail Anderson
69%
In what Disney Channel movie did Taylor appear in?Hannah Montana: The Movie
58%
Taylor's cat is named after a character on what show?Grey's Anatomy
52%
What was the name of the song Taylor wrote/performed at the STAND UP 2 CANCER benefit concert?Ronan
48%
During the Red Tour, who came with Taylor as a guest to all North American stops?Ed Sheeran
48%
What KIND of TV shows are Taylor's favorites?Crime Shows
38%
Who is Taylor's "greatest influence"?Shania Twain
13%
Taylor appeared in an episode of what popular TV show?New Girl
11%
Taylor cries when performing what song? (there may be many answers but I'm only looking for one specific one -- sorry)Never Grow Up
10%
As a child, Taylor did what sport?English Horse Riding
1%

Score Distribution

Percentile by Number Answered

Percent of People with Each Score

Your Score History

You have not taken this quiz